Statystyki dla Minecraft - wszystkie barwniki (1.20)

Kliknij tutaj aby rozwiązać quiz!

Ogólne statystyki

  • Ten quiz został rozwiązany 378 razy
  • Średni wynik to 13 z 16

Statystyki odpowiedzi

Lp.Barwnik / kolor% Poprawnych
1Czarny / Black
97%
5Niebieski / Blue
97%
2Czerwony / Red
95%
10Różowy / Pink
93%
3Zielony / Green
93%
16Biały / White
92%
6Fioletowy / Purple
91%
12Yellow / Żółty
91%
9Szary / Gray
86%
15Pomarańczowy / Orange
85%
11Limonkowy / Lime / Jasnozielony
72%
4Brązowy / Brown
66%
7Cyan / Błękitny
63%
13Jasnoniebieski / Light blue
63%
8Jasnoszary / Light gray
59%
14Karmazynowy / Magenta
59%

Rozkład punktacji

Percentyl według liczby udzielonych odpowiedzi

Procent ludzi z każdym wynikiem

Twoja historia wyników

Nie rozwiązałeś tego quizu